{GTL} Glee, Season 2! Guess the Lyrics,x Quiz Stats

 Plays Quiz not verified by Sporcle

Challenge
Share
Tweet
Embed
Score 0/110 Timer 10:00
0 Plays Today
% Correct
you
93.8%
you,
93.8%
you
93.8%
you
93.8%
You
93.8%
you
93.8%
the
92.2%
the
92.2%
the
92.2%
the
92.2%
a
92.2%
me?
82.1%
me
82.1%
love
81.7%
love
81.7%
Do
78.6%
in
78.5%
in
78.5%
in
78.5%
to
76.6%
to
76.6%
to
76.6%
it
76.2%
it
76.2%
be
73.5%
my
71%
my
71%
your
71%
my
71%
my
71%
I'm
69.9%
I'm
69.9%
I'm
69.9%
we
66.7%
we
66.7%
with
62.8%
with
62.8%
% Correct
hear
61.2%
hear
61.2%
like
61.1%
when
60.3%
where
60%
have
58.4%
have
58.4%
know
57.7%
this,
56.8%
for
56.5%
for
56.5%
oh
55.3%
I'll
54.7%
I
54.4%
I
54.4%
I
54.4%
I
54.4%
I
54.4%
I
54.4%
I
54.4%
been
50.9%
been,
50.9%
don't
50.7%
talkin'
50.4%
best
49.6%
friend,
49.4%
dreams,
49.3%
how
48.8%
baby,
48.5%
feel
48%
will...
47.5%
heart,
46.7%
life
46.1%
Boy
45.9%
Lucky
45.9%
Lucky
45.9%
Lucky
45.9%
% Correct
They
45.9%
(chorus)
45.9%
one
45.3%
blue
45.1%
across
45%
across
45%
ocean,
45%
across
45%
deep
44.7%
water,
44.3%
make
43.4%
say
42.4%
coming
42.3%
had
42.1%
under
41.8%
sky
41.8%
again.
41.5%
hard..
41.3%
home
41.1%
sea,
40.8%
open
40.2%
whisper
39.9%
gets
39.6%
keep
38.8%
tryin'
38.6%
easier
37.8%
more
37.2%
long
36.7%
wait
36.7%
wish
35.2%
kiss,
35.1%
takes,
34.8%
waiting
34.6%
promise
32.7%
goodbye
32.2%
everytime
31.3%

You're not logged in!

Compare scores with friends on all Sporcle quizzes.
OR
Log In

You Might Also Like...

Show Comments

Extras

Created Jun 10, 2011ReportNominate
Tags:glee, season

Top Quizzes Today


Score Distribution

Your Account Isn't Verified!

In order to create a playlist on Sporcle, you need to verify the email address you used during registration. Go to your Sporcle Settings to finish the process.

Report this User

Report this user for behavior that violates our Community Guidelines.

Details: